000
00282nam a22001337a 4500
008
170619b xxu||||| |||| 00| 0 eng d
020
_a
008245358
041
_a
eng
080
_a
20
100
_a
20
101
_a
SHP
245
_a
EUROPEAN PARLAMENT
_c
PALMER.M
942
_2
udc
_c
BK
999
_c
18011
_d
18011